Prírodopis 8 pre 8. ročník základných škôl

Bibliographic Details
Main Authors: Bizubová, Mária, 1945- (Author), Uhereková, Mária, 1946- (Author), Pivko, Daniel, 1962- (Author, Illustrator), Hantabálová, Ida (Author), Aubrecht, Roman, 1967- (Author, Illustrator, Photographer)
Other Authors: Pogran, Miroslav, 1964- (Illustrator), Antal, Boris (Photographer), Libant, Vladimír (Illustrator), Olgyayová, Margita (Illustrator), Petríková, Eva (Illustrator), Vanko, Vladimír (ilustrátor) (Illustrator), Bezák, Vladimír, 1951- (Photographer)
Format: Book
Language:Slovak
PhysicalDescription:123 s. fareb. fotogr. a ilustr., mp., tab. 29 cm
Published: Bratislava Expol pedagogika 2006
ISBN:8089003982 (brož.)
Edition:3. upr. vyd.
Subjects:

MARC

LEADER 00000nam a2200000 a 4500
001 vtls008951529
003 SK-MaSNL
005 20260302005133.0
008 171123s2006 xo oablc p 001 0 slo
015 |a SNBA2007/06-02488 
020 |a 8089003982 (brož.) 
035 |a 635E05A1-B266-4DA7-B2F0-BE3DB3F571FD 
035 |a urn:nbn:sk:snk-amtfgj 
035 |a urn:nbn:sk:snk-am00cbh6 
040 |a SNK  |b slo  |c SNK  |e AACR2 
041 0 |a slo 
044 |a xo  |c SK 
072 7 |a 57  |x Všeobecná biológia  |2 konspekt 
080 |a 57.081.1  |2 2001 
080 |a (075.2)  |2 2001 
245 0 0 |a Prírodopis 8 pre 8. ročník základných škôl  |c [autori: Mária Bizubová ... [et al.] ; ilustrácie: Miroslav Pogran ... [et al.] ; autori fotografií: Boris Antal ... [et al.]] 
250 |a 3. upr. vyd. 
260 |a Bratislava  |b Expol pedagogika  |c 2006 
300 |a 123 s.  |b fareb. fotogr. a ilustr., mp., tab.  |c 29 cm 
500 |a Fareb. fotogr. na tit. strane 
504 |a Reg. 
650 0 7 |a prírodopis  |2 SNKPH  |9 3586 
650 0 7 |a Natural history  |2 SNKPHeng  |9 278510 
655 7 |a učebnice základných škôl  |2 SNKPH  |9 70187 
655 7 |a Textbooks (elementary)  |2 SNKPHeng  |9 276977 
700 1 |a Bizubová, Mária,  |d 1945-  |4 aut  |9 200440 
700 1 |a Pogran, Miroslav,  |d 1964-  |4 ill  |9 207249 
700 1 |a Antal, Boris  |4 pht  |9 9653 
700 1 |a Uhereková, Mária,  |d 1946-  |4 aut  |9 200289 
700 1 |a Pivko, Daniel,  |d 1962-  |4 aut  |4 ill  |9 39145 
700 1 |a Hantabálová, Ida  |4 aut  |9 226480 
700 1 |a Aubrecht, Roman,  |d 1967-  |4 aut  |4 ill  |4 pht  |9 227068 
700 1 |a Libant, Vladimír  |4 ill  |9 7040 
700 1 |a Olgyayová, Margita  |4 ill  |9 46058 
700 1 |a Petríková, Eva  |4 ill  |9 389701 
700 1 |a Vanko, Vladimír  |c (ilustrátor)  |4 ill  |9 219458 
700 1 |a Bezák, Vladimír,  |d 1951-  |4 pht  |9 190571 
919 |a 80-89003-98-2 
968 |d 56/59 
999 |c 998421  |d 1000351 
952 |a SNK  |b SNK  |y PREZ  |7 0  |p 17A0543905  |o snkSB 73928  |i snk2007/5944  |8 0  |0 0  |1 0  |4 0  |d 2007-03-02  |f 1  |l 0  |r 2025-04-24 00:00:00  |w 2026-02-24